[Event "7th LCT 2013"]
[Site "Leiden NED"]
[Date "2013.07.20"]
[Round "8.27"]
[White "Sparreboom,W"]
[Black "Kouwenhoven,Arjen"]
[Result "1-0"]
[WhiteElo "1954"]
[BlackElo "2004"]

1.d4 Nf6 2.c4 c5 3.d5 e6 4.Nc3 exd5 5.cxd5 d6 6.Nf3 g6 7.Bf4 a6 8.a4 Bg7
9.h3 O-O 10.e3 Re8 11.Nd2 Nbd7 12.Be2 Ne5 13.O-O Nfd7 14.Nc4 Nxc4 15.Bxc4 Ne5
16.Bxe5 Bxe5 17.Qe2 Qh4 18.f4 Bd4 19.Nd1 f5 20.Qf3 Bg7 21.Ra2 Bd7 22.b3 b5
23.Bd3 Qd8 24.g4 Qf6 25.Nf2 Rac8 26.gxf5 Bxf5 27.e4 Bd7 28.axb5 axb5 29.Ra7 Re7
30.Ra6 c4 31.bxc4 bxc4 32.Bc2 Rf7 33.e5 Qxf4 34.Qxf4 Rxf4 35.e6 Bb5 36.Rb6 Rxf2
37.Rxf2 Bd4 38.Rxb5 Rf8 39.Kg2 Rxf2+ 40.Kg3 Rxc2 41.Rb8+ Kg7 42.e7 Re2 43.e8=Q Rxe8
44.Rxe8 Kf6 45.Kf3 c3 46.Re6+ Kf5 47.Rxd6 Ke5 48.Rd7 h5 49.Ke2 Bc5 50.Kd3 Bd6
51.Rg7 Kxd5 52.Rxg6 h4 53.Kxc3 Bg3 54.Kd3 Ke5 55.Ke3 Kf5 56.Rg8 Be1 57.Kf3 Bg3
58.Rf8+ Ke5 59.Kg4 Ke6 60.Kg5 Ke7 61.Rf1 Ke6 62.Rf3 Ke5 63.Re3+ Kd5 64.Kf5 Kd4
65.Re8 Kd3 66.Re4 Kd2 67.Kg5 Kd3 68.Rxh4 Bxh4+ 69.Kxh4 Kd4 70.Kg5  1-0

[Event "Minsk Open 2013"]
[Site "Minsk BLR"]
[Date "2013.07.20"]
[Round "8.10"]
[White "Tunik,G"]
[Black "Maksimov,Dmitri"]
[Result "1/2-1/2"]
[WhiteElo "2435"]
[BlackElo "2006"]

1.d4 Nf6 2.c4 c5 3.d5 e6 4.Nc3 exd5 5.cxd5 d6 6.Nf3 g6 7.h3 Bg7 8.e4 O-O
9.Bd3 b5 10.Nxb5 Re8 11.O-O Nxe4 12.Re1 Nf6 13.Rxe8+ Nxe8 14.Bg5 Qd7 15.Qd2 Nf6
16.Re1 Bb7 17.Bc4 Na6 18.Nc3 Nc7 19.Qd3 Re8 20.Rxe8+ Qxe8 21.Bf4 Bf8 22.Nd2 Qe1+
23.Nf1 h6 24.Bd2 Qe5 25.f4 Qd4+ 26.Qxd4 cxd4 27.Ne2 Nfxd5 28.f5 Bg7 29.fxg6 fxg6
30.Nf4 Kh7 31.Nxd5 Nxd5 32.g4 Be5 33.Bd3 Nf4 34.Bxf4 Bxf4 35.Kf2 Kg7 36.Ng3 Kf6
37.h4 Bxg3+ 38.Kxg3 g5 39.hxg5+ hxg5 40.Bf5 Ke5 41.Kf2 Kf4 42.b4 d3 43.Bxd3 Kxg4
44.Ke3 Kg3 45.b5 g4 46.Bf5 Bf3 47.a4 Kh2 48.Bxg4 Bxg4 49.Ke4 Be6 50.a5 Kg3
51.b6 axb6 52.axb6  1/2-1/2

[Event "6th Paleochora Open"]
[Site "Paleochora GRE"]
[Date "2013.07.20"]
[Round "3.23"]
[White "Kouvatsos,F"]
[Black "Kelires,Andreas"]
[Result "1/2-1/2"]
[WhiteElo "2181"]
[BlackElo "2087"]

1.d4 Nf6 2.c4 e6 3.Nf3 c5 4.d5 d6 5.Nc3 exd5 6.cxd5 g6 7.e4 a6 8.a4 Bg4 9.Be2 Bxf3
10.Bxf3 Nbd7 11.Bf4 Qe7 12.O-O Bg7 13.Re1 O-O 14.Qc2 Ne8 15.Be2 Nc7 16.Bf1 Rab8
17.Bg3 h5 18.h3 Be5 19.f4 Bd4+ 20.Bf2 Qf6 21.Bxd4 cxd4 22.Ne2 Nc5 23.e5 d3
24.Qc4 b5 25.Qd4 Qg7 26.Nc1 bxa4 27.Bxd3 a5 28.Qf2 Nxd5 29.exd6 Ne6 30.Rxa4 Rxb2
31.Re2 Rb4 32.Rxb4 axb4 33.f5 Nef4 34.Re1 gxf5 35.Kh1 b3 36.Bxf5 Qf6 37.Bb1 b2
38.Nd3 Nxd3 39.Qg3+ Qg6 40.Qxg6+ fxg6 41.Bxd3 Kg7 42.Rb1 Rb8 43.d7 Rd8  1/2-1/2

[Event "ch-AUT 2013"]
[Site "Feldkirch AUT"]
[Date "2013.07.21"]
[Round "2.5"]
[White "Menezes,Chr"]
[Black "Diermair,A"]
[Result "1/2-1/2"]
[WhiteElo "2261"]
[BlackElo "2426"]

1.d4 Nf6 2.c4 c5 3.d5 e6 4.Nc3 exd5 5.cxd5 d6 6.Nf3 g6 7.e4 Bg7 8.h3 O-O
9.Bd3 Nh5 10.Bg5 Bf6 11.Bh6 Re8 12.O-O Nd7 13.Re1 Ne5 14.Be2 Nxf3+ 15.Bxf3 Ng7
16.Qd2 Bd7 17.Be2 a6 18.a4 Bd4 19.Bf4 Qe7 20.Bd3 Nh5 21.Be3 Bxe3 22.Qxe3 Qe5
23.Bf1 f5 24.exf5 Qxf5 25.Ne4 Nf6 26.Nxf6+ Qxf6 27.Qb3 Rxe1 28.Rxe1 b5 29.Re3 Qh4
30.axb5 axb5 31.Bxb5 Rb8 32.Qc4 Qd4 33.Ba6 Qxc4  1/2-1/2

[Event "Lueneburg GM 2013"]
[Site "Lueneburg GER"]
[Date "2013.07.21"]
[Round "7.5"]
[White "Wenzel,B"]
[Black "Lubbe,N"]
[Result "0-1"]
[WhiteElo "2045"]
[BlackElo "2451"]

1.d4 Nf6 2.c4 c5 3.d5 e6 4.Nf3 exd5 5.cxd5 d6 6.Nc3 g6 7.Bf4 Bg7 8.Qa4+ Bd7
9.Qb3 Qc7 10.e4 Nh5 11.Be3 O-O 12.Nd2 Na6 13.Be2 Nf6 14.f3 Rab8 15.Nb5 Bxb5
16.Bxb5 Qe7 17.a4 Nc7 18.Bc4 a6 19.a5 Nd7 20.Ra2 b5 21.axb6 Rxb6 22.Qc2 f5
23.O-O f4 24.Bf2 Rfb8 25.b3 Ne5 26.Be2 g5 27.Rb1 h5 28.Nc4 Nxc4 29.Bxc4 Be5
30.Qd3 Kg7 31.Kh1 Nb5 32.Rc1 Kh6 33.b4 cxb4 34.Bxb6 Rxb6 35.Bxb5 Rxb5 36.Rxa6 Qb7
37.Rcc6 b3 38.Rxd6+ Kg7 39.Rg6+ Kf7 40.Rac6 b2 41.Qb1 Ra5 42.Rb6 Qa7  0-1

[Event "Czech Open B 2013"]
[Site "Pardubice CZE"]
[Date "2013.07.21"]
[Round "3.3"]
[White "Marikova,J"]
[Black "Nikolaev,L"]
[Result "0-1"]
[WhiteElo "2056"]
[BlackElo "2293"]

1.d4 Nf6 2.c4 e6 3.Nf3 c5 4.d5 exd5 5.cxd5 d6 6.Nc3 g6 7.e4 Bg7 8.Be2 O-O
9.O-O Re8 10.Nd2 a6 11.a4 Nbd7 12.Qc2 Ne5 13.h3 g5 14.Nc4 Nxc4 15.Bxc4 g4
16.h4 Nd7 17.Bg5 f6 18.Bf4 Ne5 19.Ne2 f5 20.Ng3 fxe4 21.Bg5 Qc7 22.Nxe4 Bf5
23.Nf6+ Bxf6 24.Qxf5 Bxg5 25.Qxg5+ Qg7 26.Qxg7+ Kxg7 27.Rac1 Rf8 28.Rc3 Rf4
29.b3 Raf8 30.Be2 h5 31.g3 Rd4 32.Rd1 Rf3 33.Re3 Rxe3 34.fxe3 Rb4 35.Rb1 c4
36.Bd1 Nf3+ 37.Bxf3 gxf3 38.Kf2 cxb3 39.Kxf3 a5 40.Ke2 b5  0-1

[Event "Glorney Cup 2013"]
[Site "Cardiff ENG"]
[Date "2013.07.22"]
[Round "3.4"]
[White "Steele,Rhys"]
[Black "Taylor,Adam C"]
[Result "1/2-1/2"]
[WhiteElo "1814"]
[BlackElo "2001"]

1.d4 Nf6 2.c4 e6 3.Nf3 c5 4.d5 exd5 5.cxd5 d6 6.Nc3 g6 7.h3 Bg7 8.e4 O-O
9.Bd3 b5 10.Bxb5 Nxe4 11.Nxe4 Qa5+ 12.Nfd2 Qxb5 13.Nxd6 Qa6 14.N2c4 Rd8 15.Bf4 Nd7
16.O-O Nb6 17.Nxb6 axb6 18.Qd2 Bd4 19.Rfe1 Bb7 20.Nxb7 Qxb7 21.d6 Qd5 22.Be5 f6
23.Bxf6 Rxd6 24.Bxd4 Qxd4 25.Qxd4 Rxd4 26.Re6 b5 27.Rb6 b4 28.Rb7 Rd2 29.Rc1 Rxb2  1/2-1/2

[Event "Lueneburg GM 2013"]
[Site "Lueneburg GER"]
[Date "2013.07.23"]
[Round "9.1"]
[White "Svane,R"]
[Black "Kopylov,M"]
[Result "1-0"]
[WhiteElo "2427"]
[BlackElo "2454"]

1.d4 Nf6 2.c4 c5 3.d5 e6 4.Nc3 exd5 5.cxd5 d6 6.Nf3 g6 7.Bf4 a6 8.a4 Bg7
9.h3 O-O 10.e3 Ne8 11.Be2 Nd7 12.O-O b6 13.Qc2 Qe7 14.Rab1 Ne5 15.Nd2 f5
16.Bh2 g5 17.f4 Ng6 18.Rbe1 Rb8 19.Nf3 g4 20.hxg4 fxg4 21.Ng5 Nc7 22.Bd3 b5
23.Nxh7 Kxh7 24.Bxg6+ Kg8 25.Bg3 bxa4 26.Kf2 Qf6 27.Bh7+ Kf7 28.Rh1 a3 29.Ne4 Rxb2
30.Nxf6 Bxf6 31.Bg6+ Kg8 32.Bh4 Bg7 33.Bh7+ Kf7 34.Bg6+ Kg8 35.Be7 Bf5 36.Qxb2 Bxb2
37.Bxf8 Bxg6 38.Bxd6 Nxd5 39.Bxc5 a2 40.Bd4 Bxd4 41.exd4 Nxf4 42.Re3 Bb1
43.Ra3 Nd3+ 44.Kg3 Nb4 45.Rc1 Kf7 46.Rc4 Nd5 47.Rca4 Nc7 48.Rxa2 Bxa2 49.Rxa2 Ke6
50.Ra5 Kd6 51.d5  1-0

[Event "Czech Open B 2013"]
[Site "Pardubice CZE"]
[Date "2013.07.23"]
[Round "5.16"]
[White "Ilandzis,S"]
[Black "Sverrisson,N"]
[Result "1-0"]
[WhiteElo "2162"]
[BlackElo "2041"]

1.d4 Nf6 2.c4 c5 3.d5 e6 4.Nc3 exd5 5.cxd5 d6 6.Nf3 g6 7.Bf4 a6 8.a4 Nh5
9.Bg5 f6 10.Bh4 Bg7 11.e3 Qb6 12.Ra3 O-O 13.Nd2 f5 14.Be7 Re8 15.Nc4 Qb4
16.Bxd6 Nd7 17.Be2 b5 18.axb5 axb5 19.Rxa8 bxc4 20.Qa1 Qb7 21.Bxh5 Bxc3+
22.bxc3 Qxd5 23.Be2 Qxd6 24.Bxc4+ Kh8 25.Bf7 Rf8 26.c4+ Nf6 27.O-O Kg7 28.Rd1 Qb6
29.Bd5 Kh6 30.Bf3 g5 31.g3 f4 32.exf4 gxf4 33.Qc1 Nd7 34.Rxc8  1-0

[Event "VIII Vladimir Dvorkovich Open"]
[Site "Taganrog RUS"]
[Date "2013.07.24"]
[Round "3.8"]
[White "Esipenko,Andrey"]
[Black "Sukhareva,E"]
[Result "1-0"]
[WhiteElo "2203"]
[BlackElo "2248"]

1.d4 Nf6 2.c4 e6 3.Nf3 c5 4.d5 exd5 5.cxd5 d6 6.Nc3 g6 7.e4 Bg7 8.Bd3 O-O
9.O-O Na6 10.Bg5 h6 11.Bf4 Nh5 12.Be3 Nc7 13.Qc1 Kh7 14.a4 b6 15.Nd2 Rb8
16.Qd1 Kh8 17.Nc4 a6 18.Be2 Nf6 19.Bf4 Nfe8 20.e5 dxe5 21.Bxe5 b5 22.Bxg7+ Kxg7
23.Ne5 Bb7 24.axb5 axb5 25.Bxb5 Nxb5 26.Nxb5 Qxd5 27.Qxd5 Bxd5 28.Nc3 Be6
29.Na4 Kf6 30.Rfe1 Ra8 31.f4 Nd6 32.Nxc5 Rxa1 33.Rxa1 Rc8 34.b4 g5 35.Ra6 gxf4
36.Ned3 Ke7 37.Nxf4 Bc4 38.Ra7+ Kf6 39.g3 Re8 40.Kg2 Ne4 41.Nxe4+ Rxe4 42.Kf3 Re1
43.Rc7 Bb5 44.Rc5 Ba4 45.Nd5+ Ke6 46.Nc3 Bd7 47.Rh5 Rc1 48.Ne2 Rb1 49.Rxh6+ Ke5
50.Rh4 Rb3+ 51.Kf2 Rb2 52.Rh5+ f5 53.Rh7 Bb5 54.Re7+ Kf6 55.Re3 Rxb4 56.Nc3 Rb2+
57.Ke1 Bc4 58.h4 Rh2 59.Rf3 Rh1+ 60.Kf2 Ke5 61.Re3+ Kf6 62.Kg2 Rc1 63.Ne2 Rc2
64.Kf3 Bd5+ 65.Kf2 Rb2 66.Ke1 Bc4 67.Nf4 Rb1+ 68.Kd2 Rb6 69.Rc3 Bf7 70.Ke3 Rb3
71.Rxb3 Bxb3 72.Ne2 Bd1 73.Nd4 Bg4 74.Kf4 Bh3 75.Ne2 Bf1 76.Nc3 Bc4 77.Nd1 Bd3
78.Ne3 Bb1 79.Nd5+ Kg6 80.Ke5 Kh5 81.Ne3 Kg6 82.Nd5 Kh5 83.Nf4+ Kh6 84.Kf6 Be4
85.Ke5 Bb1 86.Ne6 Kh5 87.Kf6 Kg4 88.Nf4 Kxg3 89.Kg5 Ba2 90.h5 Bg8 91.h6 Bh7
92.Nh5+ Kh3 93.Nf4+ Kg3 94.Nd5 f4 95.Nxf4 Kf3 96.Ng6 Kg3 97.Kf6 Kg4 98.Kg7  1-0

[Event "Maccabiah GM2 2013"]
[Site "Jerusalem ISR"]
[Date "2013.07.25"]
[Round "6.2"]
[White "Boruchovsky,A"]
[Black "Bitelmajer,M"]
[Result "1/2-1/2"]
[WhiteElo "2441"]
[BlackElo "2343"]

1.d4 Nf6 2.c4 e6 3.Nc3 c5 4.d5 exd5 5.cxd5 d6 6.Nf3 g6 7.Bf4 Nh5 8.Bg5 f6
9.Bh4 g5 10.Bg3 f5 11.e3 g4 12.Bh4 Be7 13.Bxe7 Qxe7 14.Nd2 O-O 15.Qc2 f4
16.O-O-O fxe3 17.fxe3 Nd7 18.Nc4 Ne5 19.Nxe5 Qxe5 20.Bd3 Qxe3+ 21.Kb1 Qh6
22.Rde1 Nf4 23.Qd2 Qg7 24.Bc2 Qd4 25.Qc1 Bf5 26.Bxf5 Rxf5 27.Re4 Qf6 28.Qd1 Kh8
29.Rhe1 Rf8 30.g3 Ng2 31.Rg1 Rf1 32.Rxf1 Qxf1 33.Qxf1 Rxf1+ 34.Kc2 Ne1+ 35.Kb3 Nf3
36.Rxg4 Nxh2 37.Re4 Kg7 38.Re7+ Rf7 39.Re6 Rf6 40.Re7+ Rf7 41.Re6 Rf6 42.Ne4 Rxe6
43.dxe6 d5 44.Nxc5 Kf6  1/2-1/2

[Event "Czech Open B 2013"]
[Site "Pardubice CZE"]
[Date "2013.07.26"]
[Round "8.5"]
[White "Ivaschenko,Dmitry"]
[Black "Ilandzis,S"]
[Result "1-0"]
[WhiteElo "2231"]
[BlackElo "2162"]

1.d4 Nf6 2.c4 e6 3.Nf3 c5 4.d5 exd5 5.cxd5 d6 6.Nc3 g6 7.h3 Bg7 8.e4 O-O
9.Bd3 b5 10.O-O b4 11.Ne2 Re8 12.Ng3 a5 13.Re1 Ba6 14.Bxa6 Nxa6 15.Nd2 Nd7
16.Nc4 Ne5 17.Qc2 Nxc4 18.Qxc4 Bd4 19.Rb1 f5 20.Bf4 Qh4 21.Qc1 g5 22.Bxd6 Bxf2+
23.Kxf2 f4 24.Kg1 Qxg3 25.Qd1 Rad8 26.e5 Nb8 27.Qf3 Qxf3 28.gxf3 Nd7 29.Rbd1 c4
30.Kf2 Rc8 31.e6 Nb6 32.Rg1 h6 33.Bxf4 c3 34.Be3 c2 35.Bxb6 cxd1=Q 36.Rxd1 Rc2+
37.Kg3 Rxb2 38.d6  1-0

[Event "Czech Open B 2013"]
[Site "Pardubice CZE"]
[Date "2013.07.26"]
[Round "8.1"]
[White "Tappyrov,V"]
[Black "Mueller,Fab"]
[Result "0-1"]
[WhiteElo "2231"]
[BlackElo "2320"]

1.d4 Nf6 2.c4 c5 3.d5 e6 4.Nc3 exd5 5.cxd5 d6 6.Nf3 g6 7.Nd2 Nbd7 8.Nc4 Nb6
9.Ne3 Bg7 10.g3 O-O 11.Bg2 Nh5 12.a4 f5 13.a5 f4 14.axb6 fxe3 15.Bxe3 Qxb6
16.Qd2 Bd7 17.O-O a5 18.f4 a4 19.Bf2 Qb4 20.Rab1 a3 21.Rfc1 axb2 22.Rxb2 Bxc3
23.Rxc3 Ra1+ 24.Be1 Rxe1+ 25.Kf2 Rd1 26.Rxb4 Rxd2 27.Rxb7 Nf6 28.h3 Bf5 29.Ra3 Re8
30.Bf3 Be4 31.g4 Bxf3 32.Kxf3 Rdxe2 33.Rb6 R8e3+ 34.Rxe3 Rxe3+ 35.Kf2 Rxh3  0-1

[Event "Politiken Cup 2013"]
[Site "Helsingor DEN"]
[Date "2013.07.27"]
[Round "1.15"]
[White "Pettersen,J"]
[Black "Smerdon,D"]
[Result "0-1"]
[WhiteElo "1944"]
[BlackElo "2521"]

1.d4 Nf6 2.c4 e6 3.Nf3 c5 4.d5 d6 5.Nc3 exd5 6.cxd5 g6 7.Bf4 a6 8.a4 Bg7
9.h3 O-O 10.e3 Bf5 11.Nd2 Re8 12.Be2 Ne4 13.Ndxe4 Bxe4 14.O-O g5 15.Bg3 Bg6
16.Qd2 Qe7 17.a5 Nd7 18.Na4 Nf6 19.Nc3 Rad8 20.Ra3 h5 21.Qd1 h4 22.Bh2 Qc7
23.Qa4 Ne4 24.Rd1 Re7 25.Bf3 Rde8 26.Rb3 Nxc3 27.bxc3 Bc2 28.Ra1 Bxc3 29.Qxe8+ Rxe8
30.Rxc3 Be4 31.Rac1 b5 32.axb6 Qxb6 33.Rc4 f5 34.R4c3 a5 35.Rd1 a4 36.Bh5 Ra8
37.Rcc1 f4 38.exf4 a3 39.fxg5 a2 40.Ra1 Bb1 41.Rd2 Qb4 42.Re2 Qc3  0-1

[Event "9th Gazi 2013"]
[Site "Gazi GRE"]
[Date "2013.07.28"]
[Round "3"]
[White "Androni,K"]
[Black "Sideris,N"]
[Result "1/2-1/2"]
[WhiteElo "1953"]
[BlackElo "2143"]

1.d4 Nf6 2.c4 c5 3.d5 e6 4.Nf3 exd5 5.cxd5 d6 6.Nc3 g6 7.g3 Bg7 8.Bg2 O-O
9.O-O Re8 10.Bf4 a6 11.a4 Ne4 12.Nxe4 Rxe4 13.Ra2 Qe7 14.b3 Bg4 15.Qc2 Bf5
16.Qd1 Nd7 17.Nd2 Rd4 18.e4 g5 19.Be3 Bg6 20.Bxd4 Bxd4 21.Kh1 Nf6 22.f3 Re8
23.Nc4 g4 24.Rd2 gxf3 25.Bxf3 Bxe4 26.Rxd4 cxd4 27.Qxd4 b5 28.axb5 axb5 29.Nd2 Qe5
30.Qxe5 Rxe5 31.Nxe4 Nxe4 32.Bxe4 Rxe4 33.Rf6 Rb4 34.Rxd6 Rxb3  1/2-1/2

[Event "Politiken Cup 2013"]
[Site "Helsingor DEN"]
[Date "2013.07.29"]
[Round "4.5"]
[White "Brunello,S"]
[Black "Mikkelsen,N"]
[Result "0-1"]
[WhiteElo "2593"]
[BlackElo "2418"]

1.d4 Nf6 2.c4 c5 3.d5 e6 4.Nc3 exd5 5.cxd5 d6 6.Nf3 g6 7.Bg5 Bg7 8.e4 O-O
9.Nd2 Nbd7 10.Be2 Qe7 11.O-O h6 12.Bh4 g5 13.Bg3 Ne5 14.Re1 Ne8 15.Nf1 Ng6
16.Bg4 Bxg4 17.Qxg4 Bd4 18.Ne3 Bxe3 19.Rxe3 Ng7 20.Qe2 Rae8 21.Re1 Qf6 22.Qb5 Ne5
23.Bxe5 Qxe5 24.Qxb7 Rb8 25.Qxa7 Rxb2 26.h3 Rfb8 27.a4 R8b3 28.Qa5 Kh7 29.Nd1 Rxe3
30.Nxe3 Qxe4 31.Qc7 Qf4 32.Rf1 Nh5 33.a5 Ra2 34.Ng4 Kg7 35.Re1 Nf6 36.Rf1 Ne4
37.Qb6 h5 38.Qb3 Re2 39.g3 Qd2 40.a6  0-1

[Event "XXII TCh-MKD 2013"]
[Site "Struga MKD"]
[Date "2013.07.29"]
[Round "1.5"]
[White "Bogdanovski,V"]
[Black "Gochev,M"]
[Result "1-0"]
[WhiteElo "2435"]
[BlackElo "2266"]

1.d4 Nf6 2.Nf3 c5 3.d5 d6 4.c4 e6 5.Nc3 exd5 6.cxd5 g6 7.h3 Qe7 8.Bf4 Bg7
9.e3 O-O 10.Be2 Nbd7 11.O-O Ne8 12.a4 Ne5 13.e4 Nc7 14.Nxe5 Bxe5 15.Bxe5 Qxe5
16.f4 Qg7 17.Qb3 Qd4+ 18.Kh1 f5 19.e5 dxe5 20.Bc4 Rf6 21.Rad1 Rb6 22.Nb5  1-0

[Event "Biel MTO 2013"]
[Site "Biel SUI"]
[Date "2013.07.31"]
[Round "9.15"]
[White "Meins,G"]
[Black "Rasch,H"]
[Result "1-0"]
[WhiteElo "2474"]
[BlackElo "2220"]

1.d4 Nf6 2.c4 c5 3.d5 e6 4.Nc3 exd5 5.cxd5 d6 6.Nf3 g6 7.Bf4 Bg7 8.Qa4+ Bd7
9.Qb3 Qc7 10.e4 O-O 11.Be2 Nh5 12.Be3 Na6 13.Nd2 Rab8 14.O-O Rfe8 15.a3 Nf6
16.Rfe1 b5 17.Nxb5 Qd8 18.Qa4 Nc7 19.Qxa7 Nxb5 20.Bxb5 Bxb5  1-0

[Event "9th Gazi 2013"]
[Site "Gazi GRE"]
[Date "2013.07.31"]
[Round "6"]
[White "Kanakaris,G"]
[Black "Kelires,Andreas"]
[Result "0-1"]
[WhiteElo "2310"]
[BlackElo "2087"]

1.d4 Nf6 2.c4 e6 3.Nf3 c5 4.d5 d6 5.Nc3 exd5 6.cxd5 g6 7.g3 Bg7 8.Bg2 O-O
9.O-O a6 10.a4 Nbd7 11.Bf4 Qe7 12.h3 h6 13.Qc1 Kh7 14.Qe3 Qxe3 15.Bxe3 Ne8
16.Nd2 Rb8 17.Rac1 b6 18.Rfd1 f5 19.h4 Ne5 20.Bf4 Bd7 21.b3 b5 22.axb5 axb5
23.b4 c4 24.Nf3 Nxf3+ 25.exf3 Ra8 26.Bd2 Nc7 27.Re1 Bf6 28.f4 Rfe8 29.Ne2 Ra3
30.Kf1 Kg7 31.Bc3 Bxc3 32.Nxc3 Rxe1+ 33.Rxe1 Kf7 34.Ne2 Ra4 35.h5 gxh5 36.Bf3 Rxb4
37.Bxh5+ Kf6 38.g4 fxg4 39.Nc3 Bf5 40.Ra1 Ke7 41.Ra7 Kd8 42.Nd1 Rb1 43.Ke2 b4
44.Ne3 Bd3+  0-1

[Event "9th Tabor Open 2013"]
[Site "Tabor CZE"]
[Date "2013.07.31"]
[Round "5.1"]
[White "Kislik,E"]
[Black "Plischki,S"]
[Result "1/2-1/2"]
[WhiteElo "2345"]
[BlackElo "2413"]

1.d4 Nf6 2.c4 e6 3.Nf3 c5 4.d5 d6 5.Nc3 exd5 6.cxd5 g6 7.Bf4 Bg7 8.Qa4+ Bd7
9.Qb3 Qc7 10.h3 O-O 11.e3 Na6 12.Be2 Rab8 13.O-O b5 14.Bxb5 Bxb5 15.Nxb5 Qd7
16.a4 Nc7 17.Qd3 Nxb5 18.axb5 Qxb5 19.Qxb5 Rxb5 20.Bxd6 Rd8 21.Be5 a5 22.Ra4 Rxd5
23.Bc3  1/2-1/2

[Event "114th US Open"]
[Site "Middleton USA"]
[Date "2013.08.01"]
[Round "6"]
[White "Yang,Charles"]
[Black "Langer,M USA"]
[Result "1/2-1/2"]
[WhiteElo "2086"]
[BlackElo "2217"]

1.d4 Nf6 2.c4 c5 3.d5 e6 4.Nc3 exd5 5.cxd5 d6 6.Nf3 g6 7.Nd2 Nbd7 8.e4 Bg7
9.Be2 O-O 10.O-O Re8 11.a4 a6 12.f4 Qc7 13.Kh1 Rb8 14.a5 b5 15.axb6 Nxb6
16.Ra3 c4 17.Qc2 Nfxd5 18.Nxd5 Nxd5 19.Qxc4 Qxc4 20.Bxc4 Nb4 21.f5 gxf5 22.exf5 d5
23.Rg3 Kh8 24.f6 Bh6 25.Bb3 Re2 26.Nf3 Bxc1 27.Rxc1 Re6 28.h4 Rxf6 29.Rc7 h6
30.Nd4 Rf4 31.Nc6 Nxc6 32.Rxc6 Rxh4+ 33.Kg1 Be6 34.Rxa6 Rhb4 35.Bxd5  1/2-1/2

[Event "114th US Open"]
[Site "Middleton USA"]
[Date "2013.08.01"]
[Round "6.4"]
[White "Checa,Nicolas D"]
[Black "Xie,Ethan"]
[Result "1-0"]
[WhiteElo "2021"]
[BlackElo "1978"]

1.d4 Nf6 2.c4 e6 3.Nf3 c5 4.d5 exd5 5.cxd5 d6 6.Nc3 g6 7.Bf4 a6 8.a4 Bg7
9.e3 Bg4 10.Be2 O-O 11.O-O Qe7 12.Nd2 Bxe2 13.Qxe2 Nh5 14.Nc4 Rd8 15.Qf3 Nxf4
16.Qxf4 Bf8 17.Nb6 Ra7 18.a5 Bg7 19.Rab1 Be5 20.Qc4 Bxc3 21.bxc3 Nd7 22.Nxd7 Rxd7
23.Qf4 Ra8 24.c4 Re8 25.Rfc1 Qd8 26.Rb6 Ree7 27.Qf6 h6 28.e4 Qb8 29.f3 Re8
30.Rcb1 Kh7 31.Qb2 Ree7 32.Rxa6 Qd8 33.Rb6 Qa8 34.a6 Kg8 35.Rxb7 Rxb7 36.axb7 Qb8
37.Qb6 Kh8 38.Qc6  1-0

[Event "114th US Open"]
[Site "Middleton USA"]
[Date "2013.08.03"]
[Round "8"]
[White "Chirila,I"]
[Black "Langer,M USA"]
[Result "1-0"]
[WhiteElo "2528"]
[BlackElo "2217"]

1.d4 Nf6 2.c4 c5 3.d5 e6 4.Nc3 exd5 5.cxd5 d6 6.Nf3 g6 7.Bf4 a6 8.a4 Bg7
9.h3 O-O 10.e3 Nh5 11.Bh2 f5 12.Be2 f4 13.O-O Qe7 14.Kh1 Nd7 15.Nd2 fxe3
16.fxe3 Rxf1+ 17.Qxf1 Qxe3 18.Nc4 Ng3+ 19.Bxg3 Qxg3 20.Ne4 Qh4 21.Nexd6 Nf6
22.Nb6 Rb8 23.Nbxc8 Rxc8 24.Nxc8 Ne4 25.Ra3 Bxb2 26.Rf3 Ng3+ 27.Rxg3 Qxg3
28.Qf3 Qe1+ 29.Bf1 Bd4 30.d6 Qe6 31.Qxb7 Qe3 32.Bc4+ Kh8 33.Qb1 Bf6 34.d7 Qd4
35.Qd3 Qa1+ 36.Qf1 Qd4 37.Nb6  1-0

[Event "9th Tabor Open 2013"]
[Site "Tabor CZE"]
[Date "2013.08.03"]
[Round "8.7"]
[White "Ganaus,H"]
[Black "Ilandzis,S"]
[Result "1/2-1/2"]
[WhiteElo "2257"]
[BlackElo "2162"]

1.d4 Nf6 2.Nf3 e6 3.c4 c5 4.d5 exd5 5.cxd5 d6 6.Nc3 g6 7.Bf4 a6 8.a4 Bg7
9.h3 O-O 10.e3 Qe7 11.Be2 Nbd7 12.O-O Ne8 13.Re1 f5 14.a5 Ne5 15.Nd2 g5 16.Bxe5 dxe5
17.Nc4 Nd6 18.Nxd6 Qxd6 19.Na4 Bd7 20.Nb6 Rad8 21.Nxd7 Rxd7 22.e4 Rdf7 23.Bh5 Re7
24.Ra3 fxe4 25.Bg4 c4 26.Be6+ Kh8 27.Qc2 Rc7 28.Rxe4 Rf4 29.Rc3 Qb4 30.g3 Rxe4
31.Qxe4 Qxa5 32.Rxc4 Rxc4 33.Qxc4 Qd8 34.Qb4 b5 35.b3 Bf8 36.Qg4 Qf6 37.b4 Bd6
38.h4 h6 39.Kg2 Kg7 40.h5 Kf8 41.Qe4 Qg7 42.f3 Ke7 43.Kh3 Kd8 44.Kg4 Ke7
45.Bc8 Kd8 46.Be6 Qc7 47.Kh3 Qc4 48.Qf5 Qf1+ 49.Kg4 Qc4+ 50.Kh3 Qf1+ 51.Kg4 Qc4+  1/2-1/2

[Event "9th Tabor Open 2013"]
[Site "Tabor CZE"]
[Date "2013.08.04"]
[Round "9.6"]
[White "Kislik,E"]
[Black "Dvorak,A"]
[Result "1/2-1/2"]
[WhiteElo "2345"]
[BlackElo "2056"]

1.d4 Nf6 2.c4 c5 3.d5 e6 4.Nf3 exd5 5.cxd5 d6 6.Nc3 g6 7.Bf4 a6 8.a4 Bg7
9.h3 O-O 10.e3 Qe7 11.Be2 Bf5 12.O-O Ne4 13.Ra3 g5 14.Bh2 Nd7 15.Bd3 Nxc3
16.bxc3 Bxd3 17.Qxd3 f5 18.a5 g4 19.hxg4 fxg4 20.Nd2 Be5  1/2-1/2

[Event "Chinese Teams 2013"]
[Site "Wuxi CHN"]
[Date "2013.08.05"]
[Round "10.2"]
[White "Zhou Weiqi"]
[Black "Gao Rui"]
[Result "1-0"]
[WhiteElo "2614"]
[BlackElo "2469"]

1.d4 Nf6 2.c4 c5 3.d5 e6 4.Nc3 exd5 5.cxd5 d6 6.Nf3 g6 7.Bf4 a6 8.a4 Bg7
9.h3 O-O 10.e3 Qe7 11.Be2 Nbd7 12.O-O Ne8 13.Re1 f5 14.Ng5 Ne5 15.Qb3 Nc7
16.Qb6 Rb8 17.Red1 Na8 18.Qb3 Nc7 19.Qb6 Na8 20.Qb3 Nc7 21.Rd2 h6 22.Ne6 Nxe6
23.dxe6 Bxe6 24.Qb6 Rbd8 25.Rad1 g5 26.Rxd6 Rxd6 27.Rxd6 Re8 28.Bg3 Nf7 29.Rd1 Qf6
30.f4 Qe7 31.Kh2 g4 32.hxg4 fxg4 33.Nd5 Bxd5 34.Rxd5 Qxe3 35.Bc4 Kh8 36.Qg6 Qe7
37.Rh5 Nd6 38.Bh4 g3+ 39.Qxg3 Qf8 40.Bd3 Ne4 41.Qg4 c4 42.Bc2 Qf7 43.Rf5 Qc7
44.Qh5 Re6 45.Rf7 Qc6 46.Qf5 b5 47.Be7 bxa4 48.Bf8  1-0

[Event "22nd Kavala Open 2013"]
[Site "Kavala GRE"]
[Date "2013.08.09"]
[Round "5.10"]
[White "Rychagov,A"]
[Black "Yurtseven,M"]
[Result "1-0"]
[WhiteElo "2544"]
[BlackElo "2244"]

1.d4 Nf6 2.c4 c5 3.d5 e6 4.Nc3 exd5 5.cxd5 d6 6.Nf3 g6 7.Bf4 a6 8.a4 Bg7
9.h3 O-O 10.e3 Nh5 11.Bh2 f5 12.Be2 f4 13.O-O fxe3 14.fxe3 Qe7 15.Qd3 Bh6
16.Kh1 Bxe3 17.Ne5 Bf2 18.Bxh5 dxe5 19.d6 Qh4 20.Bf3 Qd4 21.Qe2 e4 22.Nxe4 Bh4
23.Rad1 Qb4 24.Ng5 Bxg5 25.Bd5+ Kg7 26.Be5+ Kh6 27.Rxf8 Nd7 28.Rf7 Nxe5 29.Qxe5  1-0

[Event "Geraardsbergen Open 2013"]
[Site "Geraardsbergen BEL"]
[Date "2013.08.11"]
[Round "3.1"]
[White "Ringoir,T"]
[Black "Saligo,Lu"]
[Result "1-0"]
[WhiteElo "2480"]
[BlackElo "2125"]

1.d4 Nf6 2.c4 c5 3.d5 d6 4.Nc3 e6 5.Nf3 exd5 6.cxd5 Na6 7.h3 g6 8.e4 Nc7
9.Bd3 Bg7 10.O-O O-O 11.Re1 a6 12.a4 Rb8 13.a5 b5 14.axb6 Rxb6 15.Nd2 Nb5
16.Nc4 Rb8 17.Bf4 Ne8 18.Qd2 Nd4 19.Qe3 f6 20.Qg3 g5 21.Bxd6 Nxd6 22.Qxd6 Qxd6
23.Nxd6 Rxb2 24.Na4 Rb4 25.Nxc5 Rd8 26.Nxc8 Rxc8 27.Ne6 Nxe6 28.dxe6 Bf8
29.e5 fxe5 30.Rxe5 Rc5 31.Bxh7+ Kg7 32.Ree1 Be7 33.Rxa6 g4 34.Re3 Rh5 35.Ra7 Kf6
36.Bd3  1-0

[Event "III Joao Pessoa IM 2013"]
[Site "Joao Pessoa BRA"]
[Date "2013.08.11"]
[Round "5.3"]
[White "Lebredo Zaragoitia,G"]
[Black "Rodi,L"]
[Result "0-1"]
[WhiteElo "2204"]
[BlackElo "2377"]

1.d4 Nf6 2.c4 e6 3.Nc3 c5 4.d5 exd5 5.cxd5 d6 6.Nf3 g6 7.e4 Bg7 8.h3 a6 9.a4 Nbd7
10.Bd3 Nh5 11.Bg5 Bf6 12.Bh6 Ne5 13.Be2 Nxf3+ 14.Bxf3 Ng7 15.h4 Qe7 16.Kf1 Be5
17.Qd2 f6 18.a5 O-O 19.h5 g5 20.Na4 Bd7 21.Nb6 Bb5+ 22.Kg1 Rae8 23.g3 Bd4
24.Kg2 Qe5 25.Rab1 f5 26.Bxg7 Qxg7 27.h6 Qf6 28.Rh5 fxe4 29.Qxg5+ Qxg5 30.Rxg5+ Kh8
31.Bh5 Rxf2+ 32.Kh3 Rg8 33.Rxg8+ Kxg8 34.Nc8 Rf6 35.Bg4 Kf8  0-1

[Event "XI Miguel Najdorf Open A 2013"]
[Site "Warsaw POL"]
[Date "2013.08.13"]
[Round "9.13"]
[White "Flak,P"]
[Black "Deszczynski,A"]
[Result "1/2-1/2"]
[WhiteElo "2192"]
[BlackElo "2359"]

1.d4 Nf6 2.c4 e6 3.Nf3 c5 4.d5 exd5 5.cxd5 d6 6.Nc3 g6 7.g3 Bg7 8.Bg2 O-O
9.O-O Re8 10.Nd2 Nbd7 11.h3 a6 12.a4 Rb8 13.a5 b5 14.axb6 Nxb6 15.Qc2 c4
16.e4 Nfd7 17.Na4 Qc7 18.Ra3 Nxa4 19.Qxa4 Bxb2 20.Bxb2 Rxb2 21.Qxc4 Qb6 22.Qc3 Rb5
23.Qc6 Qxc6 24.dxc6 Ne5 25.Rc1 Rc5 26.Rac3 Nxc6 27.Rxc5 dxc5 28.Rxc5 Nd4
29.e5 Rd8 30.Ne4 Nb3 31.Rc7 Be6 32.Nd6 Rb8 33.Ra7 Nc5 34.f4 h5 35.Rc7 Rb1+
36.Kh2 Nd3 37.Ne4 Rb2 38.Kg1 Rb1+ 39.Kh2 Rb2 40.Kg1 h4 41.Bf1 Rb1 42.Rc3 Nc1
43.Kf2 hxg3+ 44.Nxg3 a5 45.h4 Nb3  1/2-1/2

[Event "10th Malaysian Open"]
[Site "Kuala Lumpur MAS"]
[Date "2013.08.16"]
[Round "9.3"]
[White "Nguyen Duc Hoa"]
[Black "Illingworth,M"]
[Result "0-1"]
[WhiteElo "2483"]
[BlackElo "2426"]

1.d4 Nf6 2.c4 e6 3.Nf3 c5 4.d5 d6 5.Nc3 exd5 6.cxd5 g6 7.g3 Bg7 8.Bg2 O-O
9.O-O a6 10.a4 Nbd7 11.Bf4 Qe7 12.Re1 Rb8 13.e4 Ng4 14.Nd2 Nde5 15.Qe2 b5
16.axb5 axb5 17.h3 g5 18.hxg4 gxf4 19.gxf4 Nxg4 20.e5 b4 21.Nce4 dxe5 22.Ng3 f5
23.f3 e4 24.fxg4 Bd4+ 25.Kf1 Qh4 26.Nb3 Qxg3 27.Nxd4 cxd4 28.Qf2 Qxg4 29.Qxd4 Qxf4+
30.Kg1 Rb7 31.d6 Rg7 32.Re2 Qg3 33.Qc4+ Rgf7 34.Ra7 Qd3 35.Qxd3 exd3 36.Ree7 Be6
37.Kf2 Rd8 38.Ra6 d2 39.Ra1 Bb3 40.Bf3 Rxd6 41.Re8+ Rf8 42.Rg1+ Rg6 43.Rxf8+ Kxf8
44.Rh1 Rd6 45.Rh4 Rd3 46.Be2 d1=Q 47.Bxd1 Bxd1  0-1